[Event "EU-ch Amateur Online 1400/1700"]
[Site "Tornelo INT"]
[Date "2021.04.17"]
[Round "5"]
[White "Dereka, Konstantina"]
[Black "Zein, Roda"]
[Result "1-0"]
[WhiteElo "1591"]
[BlackElo "1334"]
[PlyCount "35"]
[EventDate "2021.04.17"]
[EventType "swiss (rapid)"]
[EventRounds "8"]
[EventCountry "NET"]
[SourceTitle "EXT 2023"]
[Source "ChessBase"]
[SourceDate "2022.10.05"]
[SourceVersion "1"]
[SourceVersionDate "2022.10.05"]
[SourceQuality "1"]

1. d4 g6 2. c4 Bg7 3. Nc3 d6 4. e4 Nd7 5. Nf3 e5 6. d5 f5 7. g3 Ngf6 8. Nd2 0-0 9. Bg2 Nc5 10. 0-0 Nd3 11. Qe2 Nc5 12. b4 Ncd7 13. Nb3 Nh5 14. exf5 e4 15. Bb2 Qg5 16. fxg6 hxg6 17. Nxe4 Qe5 18. Bxe5 1-0